00572nam a2200193Ia 4500003000400000005001700004008004100021020001800062040001800080041000800098082002300106100001700129245009300146250001200239260003700251300002600288650002600314650003800340OSt20250602151313.0210716s2013 xx 000 0 und d a9780749466664 cAIMIT LIBRARY aeng a658.4094 21bTAYR aTaylor, Ros. aCreativity at work: bsupercharge your brain and make your ideas stick /cBy Ros Taylor. a1st ed. aNew Delhi :bKogan Page ,c2013. ax,203p. ;bPBc21 cm. aCreative environments aCreative skills for the workplace